Evaluación de la gestión técnica de la SETENA según la Ley Orgánica del Ambiente (7554) y los reglamentos de la SETENA
Uloženo v:
| Hlavní autor: | |
|---|---|
| Médium: | Kniha |
| Vydáno: |
San José, C.R.
2002
|
| Témata: | |
| Tagy: |
Přidat tag
Žádné tagy, Buďte první, kdo vytvoří štítek k tomuto záznamu!
|
MARC
| LEADER | 00000nam a2200000Ia 4500 | ||
|---|---|---|---|
| 003 | 009003 | ||
| 005 | 20221231144152.0 | ||
| 008 | 140114s2002 cr a m 000 ||s d | ||
| 040 | |c cru CEDI | ||
| 090 | |a TFG 4564 | ||
| 100 | |a Rodríguez Martínez, Carolina |9 7226 | ||
| 245 | |a Evaluación de la gestión técnica de la SETENA según la Ley Orgánica del Ambiente (7554) y los reglamentos de la SETENA | ||
| 260 | |c 2002 |a San José, C.R. | ||
| 300 | |a xiv, 188 hojas | ||
| 500 | |a Proyecto de graduación (licenciatura en ingeniería química)-- Universidad de Costa Rica. Facultad de Ingeniería. Escuela de Ingeniería Química | ||
| 650 | |x COSTA RICA. SECRETARIA TECNICA NACIONAL AMBIENTA |x REGLAMENTOS |x LEGISLACION |x ADMINISTRACION |x GESTION AMBIENTAL |x CONTROL AMBIENTAL |x COSTA RICA |x ASISTENCIA INSTITUCIONAL |x EVALUACION DEL IMPACTO AMBIENTAL |9 7227 | ||
| 942 | |c TFG | ||
| 999 | |c 17879 |d 17879 | ||
